000
00267nam a2200109Ia 4500
001
588659
005
20250717120835.0
008
250717s9999 xx 000 0 und d
245
0
_a
Y-1 KAYI 7
_c
AHMET ŞİMŞİRGİL
260
_b
TİMAŞ YAYINLARI
_c
2020
300
_b
320
999
_c
588659
_d
588659